| 000 | 00900 a2200181 4500 | ||
|---|---|---|---|
| 003 | Nust | ||
| 005 | 20230725102717.0 | ||
| 020 | _a0135846811 | ||
| 040 | _cNust | ||
| 082 | _a621.3813,LIA | ||
| 100 |
_aSamuel Y. Liao _9113806 |
||
| 245 |
_aMicrowave Devices and Circuits / _cSamuel Y. Liao |
||
| 250 | _a3rd. Ed. | ||
| 260 |
_aUK _bPrentice Hall _c1990 |
||
| 300 | _axvi,542p. | ||
| 505 | _aIntroduction (Page-1), Interaction Between Electronic (Page-9), Electronic Emissions and Beam Focusing (Page-33), Microwave Circuit Components (Page-65) Microwave Linear Beam Amplifiers (Page-110), Microwave Linear Beam (Page-179), Microwave Traveling Wave (Page-201), Microwave Crossed Field Electron Tubes (Page-258) Microwave Fast Wave Election tube (Page-307), Light Image Tube (Page-337), Infrared Image Tube (Page- 391), Microwave Noise Measurements and Evaluation (Page-437). | ||
| 942 |
_2ddc _cBKB |
||
| 999 |
_c189620 _d189620 |
||